Participantes do BBB 2009 - Statistics

Estatísticas Gerais
  • Esse quiz foi jogado 13 vezes
  • A pontuação média é 10 de 18
Estatísticas das Respostas
Hint Resposta % Correto
Vencedor(a) Max
92%
14º eliminado(a) Ana Carolina
85%
3º Lugar Francine
85%
2º Lugar Priscila
85%
9º eliminado(a) Maíra Cardi
77%
10º eliminado(a) Naiá
77%
2º eliminado(a) Norberto
77%
6º eliminado(a) André
54%
Desistente Leonardo
54%
13º eliminado(a) Flávio
46%
1º eliminado(a) Michelle
46%
11º eliminado(a) Milena
46%
4º eliminado(a) Newton
46%
8º eliminado(a) Ralf
46%
12º eliminado(a) Josiane
38%
7º eliminado(a) Mirla
38%
5º eliminado(a) Emanuel
31%
3º eliminado(a) Alexandre
15%
Nenhum quiz correspondente encontrado
Distribuição das Pontuações
Porcentagem de Pessoas com Cada Pontuação
Percentil de Números Respondidos
Sua Pontuação Histórica
Você não jogou esse quiz